History of the Ottoman Turks / (Record no. 22937)
[ view plain ]
| 000 -LEADER | |
|---|---|
| fixed length control field | 00969cam a2200313I 4500 |
| 001 - CONTROL NUMBER | |
| control field | 22937 |
| 003 - CONTROL NUMBER IDENTIFIER | |
| rucl marc code | BD-RjUL |
| 005 - DATE AND TIME OF LATEST TRANSACTION | |
| control field | 20211209000855.0 |
| 008 - FIXED-LENGTH DATA ELEMENTS--GENERAL INFORMATION | |
| fixed length control field | 140309r19611878le h b 00110 eng |
| 035 ## - SYSTEM CONTROL NUMBER | |
| System control number | (BD-RjUL)23002 |
| 040 ## - CATALOGING SOURCE | |
| Original cataloging agency | DLC |
| Transcribing agency | WSU |
| Modifying agency | SER |
| -- | BOS |
| Language of cataloging | eng |
| 041 ## - LANGUAGE CODE | |
| Language code of text/sound track or separate title | eng |
| 082 ## - DEWEY DECIMAL CLASSIFICATION NUMBER | |
| Classification number | 956.101 |
| Author mark and year | CRH 1961 |
| 090 ## - LOCALLY ASSIGNED LC-TYPE CALL NUMBER (OCLC); LOCAL CALL NUMBER (OCLC) | |
| Classification number (OCLC) (R) ; Classification number, CALL (RLIN) (NR) | DR440 |
| Local cutter number (OCLC) ; Book number/undivided call number, CALL (RLIN) | .F61 |
| 100 1# - MAIN ENTRY--PERSONAL NAME | |
| Personal name | Creasy, Edward Shepherd, |
| Dates associated with a name | 1812-1878. |
| 9 (RLIN) | 70727 |
| 245 10 - TITLE STATEMENT | |
| Title | History of the Ottoman Turks / |
| Statement of responsibility, etc. | [by] Edward S. Creasy. With a new introd. by Zeine N. Zeine. |
| 260 ## - PUBLICATION, DISTRIBUTION, ETC. (IMPRINT) | |
| Place of publication, distribution, etc. | Beirut : |
| Name of publisher, distributor, etc. | Khayats, |
| Date of publication, distribution, etc. | 1961. |
| 300 ## - PHYSICAL DESCRIPTION | |
| Pagination | xix, 560 p. : |
| Illustrations | facsim. ; |
| Size | 20 cm. |
| 490 0# - SERIES STATEMENT | |
| Series statement | Oriental reprints, |
| Volume/sequential designation | no. 1. |
| 500 ## - GENERAL NOTE | |
| General note | Reprint of 2d ed., published in 1878. |
| 504 ## - BIBLIOGRAPHY, ETC. NOTE | |
| Bibliography, etc | Includes index |
| 650 #0 - SUBJECT ADDED ENTRY--TOPICAL TERM | |
| Topical term or geographic name as entry element | Eastern question (Balkan) |
| 9 (RLIN) | 70728 |
| 651 #0 - SUBJECT ADDED ENTRY--GEOGRAPHIC NAME | |
| Geographic name | Turkey |
| General subdivision | History. |
| 9 (RLIN) | 70729 |
| 700 10 - ADDED ENTRY--PERSONAL NAME | |
| Personal name | Zeine, Zeine N. |
| Personal name | Yale, William. |
| 942 ## - ADDED ENTRY ELEMENTS (KOHA) | |
| Source of classification or shelving scheme | Dewey Decimal Classification |
| Koha item type | Books |
| Lost status | Source of classification or shelving scheme | Damaged status | Not for loan | Collection code | Permanent Location | Current Location | Date acquired | Total Checkouts | Full call number | Date last seen | Date checked out | Copy number | Koha item type | Shelving location | Source of acquisition | Cost, normal purchase price |
|---|---|---|---|---|---|---|---|---|---|---|---|---|---|---|---|---|
| Dewey Decimal Classification | Fiction | Central Library, University of Rajshahi | Central Library, University of Rajshahi | 09/03/2014 | 1 | 956.101 CRH 1961 | 14/03/2023 | 23/01/2023 | C-4 | Books | ||||||
| Dewey Decimal Classification | Not For Loan | Non-fiction | Central Library, University of Rajshahi | Central Library, University of Rajshahi | 11/11/1966 | 956.101 CRH 1961 | 26/02/2017 | C-1 | Books | Reading Room | Co-operation Book | 30.87 |